000 01089cam a2200289 4500
001 WS109125
008 000000n 000 0 eng u
035 _a(Sirsi) u109125
110 _aAssociation of Town Centre Management
_93506
245 _aAssociation of Town Centre Management
520 _aWeb site for this organisation which describes itself as 'the UK's prime unifying force for the vast range of .. interests that interact with the management, improvement and promotion of the town centre environment'. Includes an excellent news service organised by subject.
650 _aTOWN CENTRES
650 _aTOWNS
650 _aMANAGEMENT-BUSINESS MANAGEMENT-DISCRIMINATION-DISABILITY DISCRIMINATION-ACCESSIBILITY
650 _aTOURISM
650 _aCAR PARKING
650 _aTRAFFIC
650 _aORGANISATION
650 _aPLANNING
650 _aLEISURE
650 _aRETAIL
650 0 _aPEDESTRIANISATION
650 0 _aTRANSPORT
690 _aREGENERATION
856 4 0 _uhttps://www.atcm.org
_zView the website free of charge at www.atcm.org...
942 _n0
999 _c119711
_d119711